Systematics, phylogeny and zoogeography of Simmerus Walker and Australosymmerus Freeman (Diptera: Mycetophilidae : Ditomyiinae) (Registro nro. 647)

Detalles MARC
000 -CABECERA
Campo de control 00814nam a2200253 a 4500
005 - FECHA Y HORA DE LA ULTIMA TRANSACCION
Campo de control 20191224041537.0
008 - ELEMENTOS DE LONGITUD FIJA—INFORMACION GENERAL
Campo de control 140221b1974 -CNa fr|||| 00| 0 eng d
040 ## - FUENTE DE CATALOGACIÓN
Agencia catalogadora original CO-BoIAVH
Agencia transcriptora CO-BoIAVH
041 ## - IDIOMA
Código de idioma para texto/pista de sonido o título separado Inglés
044 ## - PAÍS DE PUBLICACIÓN
País de publicación Canadá
082 ## - NUMERO DE CLASIFICACION DECIMAL DEWEY
Número de clasificación 595.77
Número del ítem D73t
090 ## - CLASIFICACIÓN LOCAL
Colección LB
Consecutivo 00631
100 1# - ASIENTO PRINCIPAL--NOMBRE PERSONAL
Nombre personal Douglas Munroe, Donald
245 1# - MENCION DE TITULO
Título Systematics, phylogeny and zoogeography of Simmerus Walker and Australosymmerus Freeman (Diptera: Mycetophilidae : Ditomyiinae)
260 ## - PUBLICACION, DISTRIBUCION, ETC. (PIE DE IMPRENTA)
Lugar de publicación, distribución, etc. Ottawa
Nombre del editor, distribuidor, etc. Entomological Society of Canada
Fecha de publicación, distribución, etc. 1974
300 ## - DESCRIPCION FISICA
Extensión 183 paginas.:
Otros detalles físicos ilustraciones;
Dimensiones 25 x 17 cm
650 #6 - ASIENTO SECUNDARIO DE MATERIA - TERMINO TEMATICO
Término temático o nombre geográfico como elemento de entrada Sistemática
650 #4 - ASIENTO SECUNDARIO DE MATERIA - TERMINO TEMATICO
Término temático o nombre geográfico como elemento de entrada Filogenia
650 #4 - ASIENTO SECUNDARIO DE MATERIA - TERMINO TEMATICO
Término temático o nombre geográfico como elemento de entrada Zoogeografía
650 #4 - ASIENTO SECUNDARIO DE MATERIA - TERMINO TEMATICO
Término temático o nombre geográfico como elemento de entrada Diptera
650 #4 - ASIENTO SECUNDARIO DE MATERIA - TERMINO TEMATICO
Término temático o nombre geográfico como elemento de entrada Claves taxonómicas
700 1# - ASIENTO SECUNDARIO - NOMBRE PERSONAL
Nombre personal Vickery, V. R.
942 ## - ELEMENTOS ADICIONALES (KOHA)
Tipo de ítem Libro
Sistema de clasificación Dewey Decimal Classification
Existencias
Withdrawn status Lost status Sistema de Clasificación Damaged status No para préstamo Colección Inventariado Ubicación Permanente Ubicación actual Fecha de adquisición Fuente de Valor Valor Total Checkouts Número topográfico Inventario / Código de Barras Date last seen Ejemplar Price effective from Tipo de material
    Dewey Decimal Classification     General Inventariado 2017 Bogotá Bogotá 07/01/1998 Instituto 50000.00   LB-595.77 D73t 000915 04/12/2012 Ej. 1 04/12/2012 Libro